000 00311nam a2200133Ia 4500
008 191201s2005 xx 000 0 und d
082 _a621.382
_bNIB
100 _aNIIT
245 0 _aBasics of wireless Communications
260 _aN.Delhi
_bPHI
_c2005
300 _a260
650 _aB.Tech(CSE)
942 _2ddc
_cBK
999 _c997
_d997